Interpretacin̤ y argumentacin̤ jurd̕ica

Bibliographic Details
Main Author: Quintana Bravo, Fernando
Format: eBook
Language:Spanish
Published: Santiago de chile: Editorial Jurd̕ica de Chile, 2011
Subjects:
Online Access:Acceso restringido

MARC

LEADER 00000nam a22000007a 4500
005 20120619185024.0
007 cr|||| ||||
008 120619s2011 cl |||||s|||| 00||0 spa d
020 |a 956-10-1706-7 
035 |a 6173 
040 |a vLex 
090 |c 3207  |d 3207 
100 1 |a Quintana Bravo, Fernando 
245 1 0 |a Interpretacin̤ y argumentacin̤ jurd̕ica  |h [Recurso electrn̤ico] /  |c Fernando Quintana Bravo 
256 |a Servicio en ln̕ea 
260 |a Santiago de chile:  |b Editorial Jurd̕ica de Chile,  |c 2011 
300 |a 1 recurso electrn̤ico 
506 1 |a Contenido solo disponible en los productos indicados  |d vLex Global   |d vLex Global (Academic Edition, excluding Law Schools)   |d vLex Global (U.S. Academic Edition, Law Schools)   |d vLex Global (U.S. Academic Edition, excluding Law Schools)   |d vLex Global (Academic Edition, Law Schools)  
650 0 4 |a Argumentacin̤ jurd̕ica  |z Chile 
650 0 4 |a Derecho  |x Interpretacin̤ 
740 0 |a vLex Libros (Servicio en ln̕ea) 
856 4 0 |u http://vlex.com/source/interpretacion-argumentacion-juridica-6173  |z Acceso restringido 
942 |c BOOK 
999 0 |a Law--Interpretation and construction